Mathematics / (Record no. 1439)
[ view plain ]
| 000 -LEADER | |
|---|---|
| fixed length control field | 00686cam a2200193 4500 |
| 001 - CONTROL NUMBER | |
| control field | 1877 |
| 005 - DATE AND TIME OF LATEST TRANSACTION | |
| control field | 20181127164136.0 |
| 008 - FIXED-LENGTH DATA ELEMENTS--GENERAL INFORMATION | |
| fixed length control field | 720107s1963 nyuabc b 000 0 eng |
| 010 ## - LIBRARY OF CONGRESS CONTROL NUMBER | |
| LC control number | 63018983 |
| 035 ## - SYSTEM CONTROL NUMBER | |
| -- | (DLC) 63018983 |
| 100 1# - MAIN ENTRY--PERSONAL NAME | |
| Personal name | Bergamini, David, |
| Dates associated with a name | 1928- |
| 245 00 - TITLE STATEMENT | |
| Title | Mathematics / |
| Statement of responsibility, etc. | by David Bergamini and the editors of Life. Consulting editors: Ren�e Dubos, Henry Margenau [and] C. P. Snow. |
| 260 ## - PUBLICATION, DISTRIBUTION, ETC. | |
| Place of publication, distribution, etc. | New York, |
| Name of publisher, distributor, etc. | Time, inc. |
| Date of publication, distribution, etc. | [1963] |
| 300 ## - PHYSICAL DESCRIPTION | |
| Extent | 200 p. |
| Other physical details | illus. (part col.) ports. (part col.) col. maps, diagrs. |
| Dimensions | 28 cm. |
| 440 #0 - SERIES STATEMENT/ADDED ENTRY--TITLE | |
| Title | Life science library |
| 504 ## - BIBLIOGRAPHY, ETC. NOTE | |
| Bibliography, etc. note | Bibliography: p. 196. |
| 650 #0 - SUBJECT ADDED ENTRY--TOPICAL TERM | |
| Topical term or geographic name entry element | Mathematics |
| General subdivision | Popular works. |
| 730 0# - ADDED ENTRY--UNIFORM TITLE | |
| Uniform title | Life (Chicago, Ill.) |
| Withdrawn status | Lost status | Source of classification or shelving scheme | Damaged status | Not for loan | Collection code | Home library | Current library | Shelving location | Serial Enumeration / chronology | Inventory number | Total Checkouts | Full call number | Barcode | Date last seen | Copy number | Price effective from | Koha item type | Date last checked out |
|---|---|---|---|---|---|---|---|---|---|---|---|---|---|---|---|---|---|---|
| Dewey Decimal Classification | Main TEST | RTC Library | RTC Library | Main opac | 1749 | 510 BER | 30002880 | 27/11/2018 | 2 | 27/11/2018 | Main | |||||||
| Dewey Decimal Classification | Main TEST | RTC Library | RTC Library | Main opac | 1743 | 1 | 510 BER | 30002851 | 16/04/2019 | 1 | 27/11/2018 | Main | 11/04/2019 |